All Atlantis: The Lost Empire characters by screen time - Statistics

General Stats
  • This quiz has been taken 7 times
  • The average score is 6 of 13
Answer Stats
% Of Movie Screen Time Answer % Correct
52.74 50:28 Milo Thatch
100%
11.65 11:09 Audrey Ramirez
67%
22.73 21:45 Kida Nedakh
67%
7.65 9:19 Cookie Farnsworth
50%
11.98 11:28 Helga Sinclair
50%
12.40 11:52 Vinny Santorini
50%
10.57 10:07 Gaetan Moliere
33%
5.16 4:56 Kashekim Nedakh
33%
16.95 16:13 Lyle Rourke
33%
5.59 5:21 Preston Whitmore
33%
7.35 7:02 Wilhelmina Packard
33%
11.10 10:37 Dr Joshua Sweet
17%
1.34 1:17 Fenton Harcourt
17%
No matching quizzes found
Score Distribution
Percent of People with Each Score
Percentile by Number Answered
Your Score History
You have not taken this quiz